| 000 | 00657nam a2200241Ia 4500 | ||
|---|---|---|---|
| 003 | IN-BaIIA | ||
| 008 | 211028s9999 xx 000 0 eng d | ||
| 020 | _a0-07-046617-3 | ||
| 040 | _cIIA Library | ||
| 080 |
_a621.38 _bNAS |
||
| 100 |
_aNash, W. A. _927638 |
||
| 245 | 0 |
_aSchaum's outline of theory and problems of strength of materials _cW. A. Nash |
|
| 250 | _a4th ed. | ||
| 260 |
_aNew York _bMcGraw-Hill _c1998 |
||
| 300 | _avi, 474p. | ||
| 490 | _aSchaum's Outline Series | ||
| 650 |
_aCentroids _927639 |
||
| 650 |
_aColumns _927640 |
||
| 650 |
_aCompression _927641 |
||
| 650 |
_aTension _927642 |
||
| 650 |
_aTorsion _919411 |
||
| 942 | _cBK | ||
| 999 |
_c15127 _d15127 |
||